000 00603nam a2200205Ii 4500
001 5227
003 CO-ViMGA
008 241108s9999||||xx |||||||||||||| ||und||
040 _aCO-ViMGA
_bspa
_erda
_cCO-ViMGA
041 0 _aunk
082 0 4 _a808.068-P944
100 1 _aJacques Prévert
_955194
245 1 0 _aCarta de las islas vagabundas
264 1 _a[Lugar de publicación no identificado] : Alfaguara, 1985
300 _avolumen
336 _atext
_btxt
_2rdacontent
337 _aunmediated
_bn
_2rdamedia
338 _avolume
_bnc
_2rdacarrier
940 _aidficha_siabuc: 5087. -- ficha_no_siabuc:5227
999 _c52625
_d52625